000 00565cam a2200193ua 4500
001 5020
008 160812n ii |||gr||||Z||||||eng
020 _a81-203-2849-3
040 _cMAIN
041 _aeng
082 _a820
100 _aChoudhury, Bibhash,
_eAuthor,
245 _aEnglish social and cultural history :
_ban introductory guide and glossary /
_cby Bibhash Choudhury .
250 _a1st.
260 _aNew Delhi:
_bPrentice hall of india pvt. ltd.,
_c2005.
300 _a385p:
_c25cm.
653 _aEnglish.& Old English literatures
942 _cBK
999 _c4204
_d4204